<?xml version="1.0" encoding="UTF-8"?>
<record
    xmlns:xsi="http://www.w3.org/2001/XMLSchema-instance"
    xsi:schemaLocation="http://www.loc.gov/MARC21/slim http://www.loc.gov/standards/marcxml/schema/MARC21slim.xsd"
    xmlns="http://www.loc.gov/MARC21/slim">

  <leader>00775nam a2200181Ia 4500</leader>
  <controlfield tag="008">100920s9999    xx            000 0 und d</controlfield>
  <datafield tag="082" ind1=" " ind2=" ">
    <subfield code="b">53662</subfield>
    <subfield code="a">37 &#x925; 88</subfield>
  </datafield>
  <datafield tag="100" ind1=" " ind2=" ">
    <subfield code="a">&#x915;&#x930;&#x94D;&#x923;&#x93F;&#x915; &#x92E;&#x927;&#x941;&#x92E;&#x902;&#x917;&#x947;&#x936;.</subfield>
  </datafield>
  <datafield tag="245" ind1=" " ind2=" ">
    <subfield code="a">&#x932;&#x918;&#x941;&#x909;&#x926;&#x94D;&#x92F;&#x94B;&#x917; &#x928;&#x93F;&#x935;&#x921;&#x915; &#x92A;&#x94D;&#x930;&#x915;&#x932;&#x94D;&#x92A; &#x905;&#x939;&#x935;&#x93E;&#x932;.</subfield>
  </datafield>
  <datafield tag="260" ind1=" " ind2=" ">
    <subfield code="b">&#x92E;&#x945;&#x91C;&#x947;&#x938;&#x94D;&#x91F;&#x93F;&#x915; &#x92A;&#x94D;&#x930;&#x915;&#x93E;&#x936;&#x928;, &#x92E;&#x941;&#x902;&#x92C;&#x908;.</subfield>
    <subfield code="c">1988</subfield>
  </datafield>
  <datafield tag="300" ind1=" " ind2=" ">
    <subfield code="a">360</subfield>
    <subfield code="b">&#x938;&#x93E;&#x927;&#x940;</subfield>
  </datafield>
  <datafield tag="365" ind1=" " ind2=" ">
    <subfield code="b">60</subfield>
  </datafield>
  <datafield tag="520" ind1=" " ind2=" ">
    <subfield code="a">&#x941;&#x909;&#x926;&#x92F;&#x94B;&#x91C;&#x915; &#x935;&#x93F;&#x92D;&#x93E;&#x917;.</subfield>
  </datafield>
  <datafield tag="630" ind1=" " ind2=" ">
    <subfield code="a">&#x932;&#x918;&#x941;&#x909;&#x926;&#x94D;&#x92F;&#x94B;&#x917; &#x928;&#x93F;&#x935;&#x921;&#x915; &#x92A;&#x94D;&#x930;&#x915;&#x932;&#x94D;&#x92A; &#x905;&#x939;&#x935;&#x93E;&#x932;.</subfield>
  </datafield>
  <datafield tag="650" ind1=" " ind2=" ">
    <subfield code="a">&#x941;&#x909;&#x926;&#x92F;&#x94B;&#x91C;&#x915; &#x935;&#x93F;&#x92D;&#x93E;&#x917;.</subfield>
  </datafield>
  <datafield tag="730" ind1=" " ind2=" ">
    <subfield code="a">&#x932;&#x918;&#x941;&#x909;&#x926;&#x94D;&#x92F;&#x94B;&#x917; &#x928;&#x93F;&#x935;&#x921;&#x915; &#x92A;&#x94D;&#x930;&#x915;&#x932;&#x94D;&#x92A; &#x905;&#x939;&#x935;&#x93E;&#x932;.</subfield>
  </datafield>
  <datafield tag="942" ind1=" " ind2=" ">
    <subfield code="c">BOOK</subfield>
  </datafield>
  <datafield tag="999" ind1=" " ind2=" ">
    <subfield code="c">698659</subfield>
    <subfield code="d">698656</subfield>
  </datafield>
  <datafield tag="952" ind1=" " ind2=" ">
    <subfield code="0">0</subfield>
    <subfield code="1">0</subfield>
    <subfield code="4">0</subfield>
    <subfield code="7">0</subfield>
    <subfield code="a">SATVAC</subfield>
    <subfield code="b">SATVAC</subfield>
    <subfield code="c">37 &#x925; 88</subfield>
    <subfield code="d">0000-00-00</subfield>
    <subfield code="g">60.00</subfield>
    <subfield code="l">0</subfield>
    <subfield code="p">SATVAC-53662</subfield>
    <subfield code="r">2010-09-20 00:00:00</subfield>
    <subfield code="w">2010-09-20</subfield>
    <subfield code="y">BOOK</subfield>
    <subfield code="z">&#x926;&#x947;&#x935;&#x918;&#x947;&#x935;</subfield>
  </datafield>
</record>
